00690 a2200181 4500003000500000005001700005040000900022082001600031100002500047245009900072260003600171300002800207505009000235650002700325942001200352999001900364952012500383Nust20230306113850.0 cNust a305.512,SEN aEmile Senart9109834 aCaste in India :bthe facts and the system /cby Emile Senart ; translated by E. Denison Ross. aLondon :bMethuen & Co.,c1930. axxvi, 220 p.b ; 22 cm. aPart-I The Present (Paeg-8), Part-II The Past (Paeg-90),Part-III Origins (Paeg-148), aCaste in India9109835 2ddccBK c184754d184754 00102ddc4070aMCSbMCScGENd2016-12-12o305.512,SENpMCS30161r2016-12-08w2016-12-12yBKzAlmirah No.73, Shelf No.4